Normal view
MARC view
- Geographical positions
Entry Topical Term
001 - CONTROL NUMBER
- control field: 91530
003 - CONTROL NUMBER IDENTIFIER
- control field: NUST
005 - DATE AND TIME OF LATEST TRANSACTION
- control field: 20220512115303.0
008 - FIXED-LENGTH DATA ELEMENTS
- fixed length control field: 220512|| aca||aabn | a|a d
040 ## - CATALOGING SOURCE
- Original cataloging agency: NUST
- Transcribing agency: NUST
150 ## - HEADING--TOPICAL TERM
- Topical term or geographic name entry element: Geographical positions
670 ## - SOURCE DATA FOUND
- Source citation: Work cat.: (NUST)0: Iliffe, Jonathan. 91529, Datums and map projections for remote sensing, GIS, and surveying /, c2008.
